Central Library and Information Centre
Sibsagar Girls' College, Sivasagar : Assam

BHUGUL BIGYAN (DU & GU --For 1st Semester) (Record no. 19590)

MARC details
000 -LEADER
fixed length control field 00612cam a2200241ua 4500
008 - FIXED-LENGTH DATA ELEMENTS--GENERAL INFORMATION
fixed length control field 130819n2012 II |||gr||||Z||||||asm
040 ## - CATALOGING SOURCE
Original cataloging agency MAIN
041 ## - LANGUAGE CODE
-- English
082 ## - DEWEY DECIMAL CLASSIFICATION NUMBER
Classification number 910 PAT
100 ## - MAIN ENTRY--PERSONAL NAME
Personal name PATGIRI, JAGANNATH.
245 ## - TITLE STATEMENT
Title BHUGUL BIGYAN (DU & GU --For 1st Semester)
250 ## - EDITION STATEMENT
Edition statement 1ST.
260 ## - PUBLICATION, DISTRIBUTION, ETC.
Place of publication, distribution, etc. GUWAHATI
Name of publisher, distributor, etc. ASHOK BOOK STALL
Date of publication, distribution, etc. 2012
300 ## - PHYSICAL DESCRIPTION
Extent 100:
Dimensions 20CM.
700 ## - ADDED ENTRY--PERSONAL NAME
Personal name MAJUMDER, PARAMANANDA.
700 ## - ADDED ENTRY--PERSONAL NAME
Personal name KALTA, PRADIP CH.
700 ## - ADDED ENTRY--PERSONAL NAME
Personal name BARUAH, DIPALI.
700 ## - ADDED ENTRY--PERSONAL NAME
Personal name DAS, JYOTI PRASAD.
700 ## - ADDED ENTRY--PERSONAL NAME
Personal name NATH, BRIGU KR.
942 ## - ADDED ENTRY ELEMENTS (KOHA)
Koha item type Books
653 ## - INDEX TERM--UNCONTROLLED
Uncontrolled term Geography & travel
Holdings
Withdrawn status Lost status Damaged status Not for loan Collection code Home library Current library Shelving location Date acquired Total Checkouts Full call number Barcode Date last seen Date last checked out Copy number Price effective from Koha item type Public note
        TBGEO Central Library and Information Centre Sibsagar Girls College Central Library and Information Centre Sibsagar Girls College GEOGRAPHY BOOK RACK 27.07.2013 6 910 PAT 29719 29.08.2025 26.03.2025 1 27.02.2020 Books V
        REFGEO Central Library and Information Centre Sibsagar Girls College Central Library and Information Centre Sibsagar Girls College GEOGRAPHY BOOK RACK 27.07.2013 1 910 PAT 29720 19.05.2025 08.05.2025 2 27.02.2020 Books V
        TBGEO Central Library and Information Centre Sibsagar Girls College Central Library and Information Centre Sibsagar Girls College GEOGRAPHY BOOK RACK 27.07.2013 6 910 PAT 29721 20.05.2025 07.05.2025 3 27.02.2020 Books V
        TBGEO Central Library and Information Centre Sibsagar Girls College Central Library and Information Centre Sibsagar Girls College GEOGRAPHY BOOK RACK 27.07.2013 4 910 PAT 29722 18.09.2025 02.09.2025 4 27.02.2020 Books V
        TBGEO Central Library and Information Centre Sibsagar Girls College Central Library and Information Centre Sibsagar Girls College Geography Rack 27.07.2013   910 PAT 29723 27.02.2020   5 27.02.2020 Books  
        REFGEO Central Library and Information Centre Sibsagar Girls College Central Library and Information Centre Sibsagar Girls College GEOGRAPHY BOOK RACK 27.07.2013 7 910 PAT 29724 15.09.2025 29.08.2025 6 27.02.2020 Books V
        TBGEO Central Library and Information Centre Sibsagar Girls College Central Library and Information Centre Sibsagar Girls College Geography Rack 27.07.2013   910 PAT 29725 27.02.2020   7 27.02.2020 Books  
        TBGEO Central Library and Information Centre Sibsagar Girls College Central Library and Information Centre Sibsagar Girls College Geography Rack 27.07.2013   910 PAT 29726 27.02.2020   8 27.02.2020 Books  
        TBGEO Central Library and Information Centre Sibsagar Girls College Central Library and Information Centre Sibsagar Girls College GEOGRAPHY BOOK RACK 27.07.2013 4 910 PAT 29727 13.10.2025 11.10.2025 9 27.02.2020 Books V
        REFGEO Central Library and Information Centre Sibsagar Girls College Central Library and Information Centre Sibsagar Girls College GEOGRAPHY BOOK RACK 27.07.2013 6 910 PAT 29728 08.11.2024 07.11.2024 10 27.02.2020 Books V


Sibsagar Girl's College © 2020. All rights reserved.
Powered by Koha.
Maintained by Abhijit Borpuzari.